000 01047nam a22003737a 4500
001 0008932
003 KOHA_MİRAKIL
005 20260207001653.0
007 ta
008 091009b tu |||gr||||#||||0|ger |
020 _cTL5
040 _aTR-BiSEU
_btur
_cTR-BiSEU
_erda
041 0 _ager
044 _ctu
050 _aDS51
_b.B67 1967
100 1 _aBosch, Emin.
245 1 _aQuellen zur Geschichte der Stadt Ankara im Altertum/
_cEmin Bosch ; Emin Bosch.
264 1 _aAnkara :
_bTürk Tarih Kurumu
300 _aXVII, 433 s.; 23 cm.
336 _ametin
_btxt
_2rdacontent
337 _aaracısız
_bn
_2rdamedia
338 _acilt
_bnc
_2rdacarrier
490 1 _aTürk Tarih Kurumu yayınlarından ;
_vVII.
490 1 _adizi.
490 1 _a ;
_vno.
490 1 _a46.
500 _aDizin var.
650 0 _aAnkara (Turkey)--History--Sources.
_922330
830 1 _aTürk Tarih Kurumu yayınlarından ;
_vVII.
_920292
830 1 _adizi.
_910357
830 1 _a ;
_vno.
_91620
830 1 _a46.
_95548
942 _2lcc
_cBK
999 _c8904
_d8904